Guess the Phoebe Bridger's song with no hints #6 - Statistics

General Stats
  • This quiz has been taken 71 times
  • The average score is 88 of 194
Answer Stats
Answer % Correct
I
100%
i
100%
you
98%
a
96%
the
90%
we
76%
when
76%
and
75%
to
75%
your
75%
me
73%
so
73%
it
69%
in
65%
you're
63%
for
59%
see
57%
i'm
51%
my
51%
but
47%
then
47%
don't
45%
am
43%
they
43%
like
41%
of
39%
feel
37%
up
33%
down
31%
just
29%
from
27%
get
25%
ask
24%
fall
24%
wanna
20%
sad
18%
sleep
18%
bad
16%
lay
16%
or
16%
there's
16%
won't
16%
tired
14%
feeling
12%
over
12%
until
12%
wake
12%
wants
12%
dying
10%
makes
10%
part
10%
talk
10%
always
8%
being
8%
keep
8%
most
8%
run
8%
touch
8%
well
8%
brother
6%
danger
6%
hits
6%
needs
6%
sickness
6%
smiling
6%
stays
6%
steamroller
6%
crime
4%
fine
4%
hours
4%
partner
4%
amphetamine
2%
darkness
2%
finally
2%
fingers
2%
takes
2%
unless
2%
No matching quizzes found
Score Distribution
Percent of People with Each Score
Percentile by Number Answered
Your Score History
You have not taken this quiz